000
00325 a2200157 4500
001
171172
020
_a
040
_c
Magnum
100
_a
Liguori, Julio Diego Domingos
240
1
0
_a
Iniciacion
_l
ESP
245
1
0
_a
Iniciacion
362
0
_a
1899
440
1
_a
Saraiva
697
_a
LITERATURA ESTRANGEIRA
942
_c
BK
999
_c
171172
_d
171172